000 00764nam a22002657a 4500
001 BR0505351
003 BR-BrBNA
005 20230928102040.0
007 ta
008 230509b bl.||||| |||| 00| 0 por d
040 _aBR-BrBNA
_bpor
_cBiblioteca Nacional de Agricultura
041 _a(Por)
072 _aC20
090 _ C20 BR0505351
110 1 _aAssociação de Assistência Técnica e Extensão Rural do Estado de Rondônia, Porto Velho (Brasil)
_9405
245 1 _aRelatório de atividades 2001
260 3 _aPorto Velho, RO (Brasil):
_c2001.
300 _a42 p.
650 _aEXTENSÃO RURAL
650 _aASSISTÊNCIA TÉCNICA
650 _aPROJETO AGRÍCOLA
650 _aRONDÔNIA
909 _a202309
_bLucia
_c55
_dLucia Elande
942 _cBK
999 _c68887
_d68887